00498cam a2200169ua 45000010005000000080039000050400009000440820013000531000029000662450075000952500009001702600043001793000016002226530021002386530012002596530057002712564110829n ii |||gr||||Z||||||asm cMAIN a491.4515 aMedhi, Kaliram,eAuthor.11aAssamese grammar and origin of the assamese languagecby Kaliram Medhi a1st. aGuahati:bPublication board assam,988. a97p:c23cm. aAssamese grammar aGrammar aAssamese grammar and origin of the assamese language